| 000 | 01818nam a2200517 i 4500 | ||
|---|---|---|---|
| 001 | 36077 | ||
| 003 | KOSZ 005 | ||
| 005 | 20200716091710.0 | ||
| 008 | 200716s1999 pl f 000 0 pol | ||
| 015 | _aUWD 1999/9428 | ||
| 020 | _a8386605502 | ||
| 035 | _a991010680619705066 | ||
| 035 | _a(PL-WaBN)b12909713-48omnis_nlop | ||
| 035 | _ab12909713 | ||
| 035 | _a(OCoLC)830245219 | ||
| 035 | _a(PL)b0000001290971 | ||
| 035 | _a(EXLNZ-48OMNIS_NETWORK)9910462619405606 | ||
| 040 |
_aWA N _cWA N _dKOSZ 005/RW |
||
| 046 | _k1999 | ||
| 080 | _a347(438) | ||
| 080 | _a338.482:347.4/.5 | ||
| 080 | _a(075.8) | ||
| 100 | 1 |
_aNesterowicz, Mirosław _d(1942- ) _eAutor |
|
| 245 | 1 | 0 |
_aPrawo turystyczne / _cMirosław Nesterowicz. |
| 260 |
_aBydgoszcz : _b"Branta", _ccopyright 1999. |
||
| 300 |
_a370, [1] stron ; _c21 cm. |
||
| 336 |
_aTekst _btxt _2rdacontent |
||
| 337 |
_aBez urządzenia pośredniczącego _bn _2rdamedia |
||
| 338 |
_aWolumin _bnc _2rdacarrier |
||
| 380 | _aKsiążki | ||
| 380 | _aPublikacje fachowe | ||
| 380 | _aPublikacje dydaktyczne | ||
| 388 | 1 | _a1901-2000 | |
| 388 | 1 | _a1989-2000 | |
| 504 | _aAkty prawne na stronach 243-[371]. | ||
| 521 | 8 | _aKsiążka skierowana jest do studentów prawa, administracji, szkół i studiów turystycznych i hotelarskich, pracowników biur podróży i hoteli, sędziów, adwokatów, radców prawnych. | |
| 650 | 7 |
_aTurystyka _2DBN |
|
| 650 | 7 | _aPrawo | |
| 651 | 7 | _aPolska | |
| 655 | 7 |
_aPodręczniki akademickie _2DBN |
|
| 658 | _aPrawo i wymiar sprawiedliwości | ||
| 710 | 2 |
_aAgencja Marketingowa, Oficyna Wydawnicza Branta _4pbl |
|
| 856 |
_uhttp://koha.tu.koszalin.pl/cgi-bin/koha/opac-detail.pl?biblionumber=36077 _yKatalog online BPK |
||
| 942 |
_2UKD _cKS |
||
| 999 |
_c36077 _d36077 |
||